000 00585nam a22002057a 4500
999 _c1420
_d1420
003 OSt
005 20191126110922.0
008 150414b xxu||||| |||| 00| 0 eng d
020 _a0727911279
040 _cDNLM
082 _aWG 460 C61 1997
245 _aClinical Cardiovascular Medicine in Anaesthesia
260 _aLondon:
_bBMJ Publishing Group;
_c1997
300 _aix, 300 p:
_bill;
_c27 cm
504 _aIncludes references and index
650 _aCardiovascular system
_95636
650 _aAnaesthesia
_913084
700 _aEdited by Coriat Pierre
_93747
942 _2z
_cSLOAN